000
00223 a2200097 4500
001
13094
100
_a
Hawthorne, N.
245
_a
Blithedale Romance Nathaniel Hawthorne
260
_a
_b
W.W. Norton
_c
090
_c
10096
_d
10096
942
_a
NUST-CAE
_c
M
_c
110
999
_c
248167
_d
248167